000 00635nam a2200265Ia 4500
005 20260121165032.0
008 008 260114s9999 xx 000 0 eng d
020 _a9781137531100
037 _aEBOOK
040 _aCRL
040 _beng
040 _cCRL
041 _2eng
041 _aeng
084 _qCRL
100 _aMarco H. D. Van Leeuwen
_91046735
245 0 _aMutual Insurance 1550-2015
260 _bSpringer
260 _bSpringer
260 _c2016
856 _uhttps://link.springer.com/openurl?genre=book&isbn=978-1-137-53110-0
942 _cEBOOK
999 _c1612460
_d1612460